000
00321nam a22001457a 4500
008
230516b ||||| |||| 00| 0 eng d
020
_a
9781609945879
041
_a
eng
080
_a
159.9
082
_a
159.9GEL
100
_a
25
101
_a
PSI
245
_a
THIS CHANGES EVERY THING
_c
GELDER.V.S
942
_2
udc
_c
BK
999
_c
59741
_d
59741